000 00681cam a2200229 a 4500
001 000008489
005 20200929161341.0
008 831015s1976 ve 000 j spa
040 _aDO-SdBNP
_cDLC
_dDLC
082 _aV863.42
_bG233t, 1970.
100 1 _aGarmendia, Julio,
_d1898-1977.
_922805
245 1 3 _aLa tienda de muñecos /
_cJulio Garmendia.
250 _a4a ed.
260 _aCaracas, Venezuela :
_bMonte Ávila,
_c1976.
300 _a102 p. ; :
_b18 cm.
490 1 _aLetra viva
650 4 _aCuentos venezolanos
_93815
650 4 _aLiteratura venezolana
_ySIGLO XX
_99777
830 0 _aLetra viva.
_95252
910 _aCatalogación por copia / LC
049 _aBNGR
999 _c8260
_d8260